Alternant molecular orbital method
Gardado en:
| Autor Principal: | |
|---|---|
| Formato: | Libro |
| Idioma: | inglés |
| Publicado: |
Filadelfia
W. B. Saunders
1967
|
| Series: | Studies in physics and chemistry, 4
|
| Subjects: | |
| Tags: |
Engadir etiqueta
Sen Etiquetas, Sexa o primeiro en etiquetar este rexistro!
|
MARC
| LEADER | 00000nam a2200000 a 4500 | ||
|---|---|---|---|
| 001 | UCT1516 | ||
| 003 | CL-VaPUC | ||
| 008 | 960927e19670000US |||||||||||||||||eng|d | ||
| 082 | 0 | 4 | |a 539.725 |b PAU |2 21 |
| 100 | 0 | |a Pauncz, Ruben |e author |9 370428 | |
| 245 | 1 | 0 | |a Alternant molecular orbital method |
| 300 | |a 246 p | ||
| 942 | |c BK | ||
| 945 | |d 19960927 00:00:00 |a paguirre | ||
| 260 | |a Filadelfia |b W. B. Saunders |c 1967 | ||
| 650 | 0 | |a Teoría cuántica |9 266148 | |
| 650 | 0 | |a Moléculas |9 259584 | |
| 650 | 7 | |a ELECTRONES |2 CL-VaPUC |9 322158 | |
| 650 | 0 | |a Átomos |9 259583 | |
| 650 | 0 | |a Energía nuclear |9 255228 | |
| 583 | |a last modification |c 19960927 00:00:00 |k Rodrigo Vera | ||
| 490 | 0 | |a Studies in physics and chemistry, 4 | |
| 999 | |c 252014 |d 252012 | ||
| 952 | |0 0 |1 0 |4 0 |6 539_725000000000000_PAU_1967 |7 0 |8 A |9 271597 |a BIBCUR |b BIBCUR |d 2019-11-19 |i 1750755 |o 539.725 PAU 1967 |p 1750755 |r 2025-04-22 |w 2019-11-19 |y BK |k BCB | ||